000 00556nam a2200205Ia 4500
003 IN-BaIIA
008 211028s9999 xx 000 0 eng d
020 _a978-81-265-3135-6
040 _cIIA Library
080 _a51:62
_bKRE
100 _aKreyszig, Erwin
_935012
245 0 _aAdvanced engineering mathematics
_cErwin Kreyszig
250 _a9th ed.
260 _aNew Delhi
_bWiley
_c2011
300 _axvii, 1094p.
650 _aDifferential equations
_91510
650 _aEngineering mathematics
_92342
650 _aMathematics
_982
942 _cBK
999 _c18286
_d18286